|
|
|
|
| LEADER |
00000cam a2200000 7i4500 |
| 001 |
0000000725 |
| 005 |
20000926.0 |
| 020 |
0 |
0 |
|a 9748007049
|
| 090 |
0 |
0 |
|a 583.6240959
|b KAN 1993
|
| 100 |
1 |
0 |
|a KANTARLI
|h Mustafa
|
| 245 |
1 |
0 |
|a Vegetative propagation of dipterocarps by cutting in ASEAN region
|c Mustafa Kantarli
|
| 260 |
0 |
0 |
|a Saraburi, Thailand :
|b ASEAN-Canada Forest Tree Seed Centre Project ,
|c 1993
|
| 300 |
|
|
|a iii, 58 p. :
|b ill. (some col.), map ;
|c 25 cm.
|
| 440 |
0 |
0 |
|a Review paper; n. 1
|
| 500 |
0 |
0 |
|a Bibliography: [p. 52-58]
|
| 650 |
0 |
0 |
|a Dipterocarpaceae
|z Asia, Southeastern
|
| 650 |
0 |
0 |
|a Plant propagation
|
| 710 |
1 |
1 |
|a ASEAN-Canada Forest Tree Seed Centre Project
|
| 999 |
|
|
|a 0000001820
|b Monograph
|c Open Shelf
|e Default branch
|